Facets of globalization : International and local dimensions of development

محفوظ في:
التفاصيل البيبلوغرافية
المؤلف الرئيسي: Yusuf, Shahid
التنسيق: كتاب
اللغة:Undetermined
منشور في: Washington, D. C. The World Bank 2001
الموضوعات:
الوسوم: إضافة وسم
لا توجد وسوم, كن أول من يضع وسما على هذه التسجيلة!
Thư viện lưu trữ: Trung tâm Học liệu Trường Đại học Cần Thơ
LEADER 00577nam a2200193Ia 4500
001 CTU_61735
008 210402s9999 xx 000 0 und d
082 |a 339 
082 |b Y94 
100 |a Yusuf, Shahid 
245 0 |a Facets of globalization : 
245 0 |b International and local dimensions of development 
245 0 |c Shahid Yusuf, Simon Evenett and Weiping Wu 
260 |a Washington, D. C. 
260 |b The World Bank 
260 |c 2001 
650 |a Competition, international 
904 |i Minh,Hải 
980 |a Trung tâm Học liệu Trường Đại học Cần Thơ